Verejné zdroje financovania inovácií
Štátna finančná podpora na financovanie inovačných aktivít. Priama finančná podpora zo štátneho rozpočtu. Nepriama finančná podpora zo štátneho rozpočtu. Financovanie inovačných aktivít z prostriedkov Európskej únie. Financovanie inovácií prostredníctvom zahraničného kapitálu a prostredníctvom lízin...
Salvato in:
| Autore principale: | |
|---|---|
| Natura: | Capitolo di libro |
| Lingua: | slovacco |
| Soggetti: | |
| Tags: |
Nessun Tag, puoi essere il primo ad aggiungerne!!
|
MARC
| LEADER | 00000naa$a2200000$$$4500 | ||
|---|---|---|---|
| 001 | 0112760 | ||
| 005 | 20220819092652.7 | ||
| 041 | 0 | |a slo | |
| 044 | |a SK | ||
| 245 | 1 | 0 | |a Verejné zdroje financovania inovácií |c Emília Spišáková |
| 520 | |a Štátna finančná podpora na financovanie inovačných aktivít. Priama finančná podpora zo štátneho rozpočtu. Nepriama finančná podpora zo štátneho rozpočtu. Financovanie inovačných aktivít z prostriedkov Európskej únie. Financovanie inovácií prostredníctvom zahraničného kapitálu a prostredníctvom lízingu. Inovatívne finančné nástroje JEREMIE a JESSICA. | ||
| 610 | 2 | 0 | |a financovanie |
| 610 | 2 | 0 | |a financie verejné |
| 610 | 2 | 0 | |a zdroje finančné |
| 610 | 2 | 0 | |a inovácia |
| 610 | 2 | 0 | |a rozpočet štátny |
| 610 | 2 | 0 | |a investície priame zahraničné |
| 610 | 2 | 0 | |a lízing |
| 610 | 2 | 0 | |a podnik stredný |
| 610 | 2 | 0 | |a podnik malý |
| 610 | 2 | 0 | |a Európska únia |
| 100 | 1 | |a Spišáková, Emília, 1983- | |